Automatizace obráběcích strojů /

Saved in:
Bibliographic Details
Main Authors: Ženíšek, Josef (Author), Píč, Josef (Author)
Format: Book
Language:Czech
Published: Praha : České vysoké učení technické v Praze, 1969
Edition:1.přepr.vyd.
Subjects:
Tags: Add Tag
No Tags, Be the first to tag this record!

MARC

LEADER 00000nam a22000003a 4500
001 stu45821
005 20150617225715.5
008 970411s1969----cs------------------cze-d
040 |a STU  |b slo 
041 0 |a cze 
044 |a cs 
080 |a 621.9.06(075.8) 
100 1 |a Ženíšek, Josef  |4 aut 
245 1 |a Automatizace obráběcích strojů /  |c [aut.]Josef Píč, Josef Ženíšek 
250 |a 1.přepr.vyd. 
260 |a Praha :  |b České vysoké učení technické v Praze,  |c 1969 
300 |a 183 s 
650 7 |a stroje obrábacie  |2 stusub 
650 7 |a automatizácia  |2 stusub 
700 1 |a Píč, Josef  |4 aut 
996 |b 284M001689  |c M*S-876-1  |l MMKN  |s A  |a 24  |w stu45821_0001